| 000 -LEADER |
| fixed length control field |
00405cam a22001217a 4500 |
| 008 - FIXED-LENGTH DATA ELEMENTS--GENERAL INFORMATION |
| fixed length control field |
180718b1961 xxu||||| |||| 00| 0 eng d |
| 082 ## - DEWEY DECIMAL CLASSIFICATION NUMBER |
| Classification number |
T1603x5442 C393 |
| 100 ## - MAIN ENTRY--PERSONAL NAME |
| Personal name |
Chaudhari, D.H. |
| 245 ## - TITLE STATEMENT |
| Title |
Maharashtra cooperative societies act, 1960 (Maharashtra act no.24 of 1961) |
| Statement of responsibility, etc. |
by D.H. Chaudhari |
| 260 ## - PUBLICATION, DISTRIBUTION, ETC. |
| Place of publication, distribution, etc. |
Jaigaon |
| Name of publisher, distributor, etc. |
The Author |
| Date of publication, distribution, etc. |
1961 |
| 300 ## - PHYSICAL DESCRIPTION |
| Extent |
287p. |
| 650 ## - SUBJECT ADDED ENTRY--TOPICAL TERM |
| Topical term or geographic name entry element |
Co-operation - Legislation - Maharashtra |